000 00943nam a2200217 i 4500
001 167742
003 ES-MaACL
005 20230906213603.0
008 050928m18641867fr |||| | fre d
100 1 _aVogel, Charles.
_9133818
245 1 0 _aDu commerce et des progrès de la puissance commerciale de l'Angleterre et de la France
_b: au point de vue de l'histoire, de la législation et la statistique d'après les sources et données officielles ... /
_cpar Charles Vogel.
260 _aParis ;
_aStrasbourg :
_bVeuve Berger Levrault et Fils,
_c1864.
300 _a2 v. ;
_c24 cm.
500 _aDescripción completada con BN-Opale plus.
597 _aT. I. 563 p.
650 4 _aComercio-
_zInglaterra.
_9166837
650 4 _aComercio-
_zFrancia.
_9160092
700 1 _aBerger Levrault, Veuve et Fils.
_9125932
752 _aFrancia -
_dEstrasburgo
852 _aES-MaACL
_jF-10699
_z- Enc. pasta española
_q- Contiene únicamente T. I
999 _c167742
_d167742